00725nam a2200181 a 450000500170000000800410001705000230005824500890008126000860017030000120025644000620026850000380033052000170036865000690038565000390045465000410049370000090053420140414093839.0040310s19uu xx 00 eng d aVHS 370bOR 09 t.3 aUsing standards to improve teaching and learning :bimproving classroom instruction. aAlexandria, Va :bAssociation for Supervision and Curriculum Development,cc2000. a30 min. aUsing standards to improve teaching and learning ; tape 3 aFacilitator's guide, Tapes 1,2,3. aLibrary has" aCurriculum planning (Standards-based education))xUnited States. aEffective teachingxUnited States. aEducationxStandardsxUnited States. aASCD